01416cam a2200361 a 4500001001400000003000800014005001700022006001900039007001500058008004100073020003800114040003000152049002600182050002300208082001500231245008000246260002700326300003700353490003000390520024200420521001700662588004700679504004100726650002200767655002900789700002100818710001600839776003500855830003100890856009800921942001601019999001901035EDZ0000116450StDuBDS20161031105139.0m||||||||d||||||||cr |||||||||||130111s2006 enka fo| 000|0|eng d a9781446262153 (ebook) :cNo price aStDuBDSbengcStDuBDSepn aAlfaisal Main Library 0aHF1416b.I616 200604a658.8422300aInternational marketingh[electronic resource] /cedited by Masaaki Kotabe. aLondon :bSAGE,c2006. a1 online resource (6 v.) :bill.1 aSAGE library in marketing8 aEdited by a scholar at the forefront of the field, this collection of articles represents the state of the art in International Marketing research, with particular emphasis on the conceptual framework and theory development in the field. aSpecialized. aDescription based on print version record. aIncludes bibliographical references. 0aExport marketing. 7aElectronic books.2local1 aKotabe, Masaaki.2 aSage eBooks08iPrint version :z9781412928304 0aSAGE library in marketing.40uhttp://ezproxy.alfaisal.edu/login?url=http://sk.sagepub.com/navigator/international-marketing 2lcccEBOOKS c480337d480337